[Event "European Blitz 2022"]
[Site "Katowice POL"]
[Date "2022.12.16"]
[Round "12.10"]
[White "Saraci, Nderim"]
[Black "Nasuta, Grzegorz"]
[Result "1/2-1/2"]
[WhiteTitle "IM"]
[BlackTitle "GM"]
[WhiteElo "2468"]
[BlackElo "2546"]
[WhiteFideId "6351921"]
[BlackFideId "1141686"]
[EventDate "2022.12.16"]

1. Nf3 d5 2. b3 Bf5 3. Bb2 e6 4. e3 Nf6 5. c4 c6 6. Nc3 h6 7. d4 Nbd7 8. Bd3
Bxd3 9. Qxd3 Bb4 10. Nd2 O-O 11. O-O Re8 12. a3 Ba5 13. b4 Bc7 14. e4 dxe4 15.
Ncxe4 Nxe4 16. Nxe4 Qh4 17. g3 Qh5 18. Rfe1 Rad8 19. Qe2 Qg6 20. Rad1 Qf5 21.
Kg2 b5 22. Nc5 bxc4 23. Qxc4 Nb6 24. Qd3 Qd5+ 25. Qf3 Nc4 26. Bc1 Bb6 27. Qxd5
Rxd5 28. Rd3 Red8 29. Rc3 Nd6 30. Nb3 Rc8 31. Re5 Nb5 32. Rxd5 exd5 33. Rd3 Re8
34. a4 Nd6 35. a5 Bd8 36. Bf4 Nc4 37. Nd2 Be7 38. Nxc4 dxc4 39. Rc3 Bxb4 40.
Rxc4 Bxa5 41. Rxc6 Rd8 42. Rc4 Bb6 43. Be3 f5 44. Ra4 Rd5 45. Kf3 Kf7 46. Ke2
Rb5 47. Rc4 Ke6 48. Rc8 Rb2+ 49. Kd3 Ra2 50. Re8+ Kf7 51. Rb8 Ra4 52. Rb7+ Kf6
53. h4 h5 54. Bg5+ Ke6 55. Be3 g6 56. d5+ Kxd5 57. Bxb6 axb6 58. Rxb6 Rg4 59.
Ke3 f4+ 60. gxf4 Rxh4 61. Rxg6 Rh1 62. Rg8 Ke6 63. Kf3 Kf5 64. Rg5+ Kf6 65. Ra5
h4 66. Kg4 Rf1 67. Ra6+ Kf7 68. Ra2 Rh1 69. Kg5 h3 70. Ra7+ Ke8 71. Rh7 Rf1 72.
f5 Rxf2 73. Rxh3 Kf7 74. Rh7+ Kf8 75. Ra7 Rf1 76. Kg6 Rf2 77. Rh7 Rf1 78. Rb7
Rf2 79. Rb8+ Ke7 80. Rb7+ Kf8 81. Rb8+ Ke7 82. Rb7+ 1/2-1/2

[Event "European Blitz 2022"]
[Site "Katowice POL"]
[Date "2022.12.16"]
[Round "12.11"]
[White "Fridman, Daniel"]
[Black "Wieczorek, Oskar"]
[Result "0-1"]
[WhiteTitle "GM"]
[BlackTitle "GM"]
[WhiteElo "2602"]
[BlackElo "2504"]
[WhiteFideId "11600454"]
[BlackFideId "1133950"]
[EventDate "2022.12.16"]

1. d4 Nf6 2. Nf3 g6 3. c4 c5 4. d5 Bg7 5. Nc3 O-O 6. e4 d6 7. h3 e6 8. Bd3 Na6
9. O-O Nc7 10. a4 e5 11. Bg5 h6 12. Be3 Na6 13. Qd2 Kh7 14. Nh2 Nb4 15. Be2 Ne8
16. Rae1 f5 17. exf5 gxf5 18. f4 e4 19. g4 Qh4 20. Kg2 Bd4 21. Nd1 Ng7 22. Bxd4
cxd4 23. Qxb4 d3 24. Ne3 Rg8 25. Rf2 dxe2 26. Rexe2 Nh5 27. Nhf1 fxg4 28. Qxd6
g3 29. Ng4 Bxg4 30. hxg4 gxf2 31. Qd7+ Kh8 32. g5 Nxf4# 0-1

[Event "European Blitz 2022"]
[Site "Katowice POL"]
[Date "2022.12.16"]
[Round "12.12"]
[White "Schneider, Ilja"]
[Black "Plichta, Kamil"]
[Result "1-0"]
[WhiteTitle "IM"]
[BlackTitle "FM"]
[WhiteElo "2483"]
[BlackElo "2394"]
[WhiteFideId "4663306"]
[BlackFideId "1141830"]
[EventDate "2022.12.16"]

1. e4 g6 2. d4 Bg7 3. Nc3 c5 4. dxc5 Bxc3+ 5. bxc3 Nf6 6. e5 Ne4 7. Qd4 Qa5 8.
Qb4 Qxc5 9. Qxc5 Nxc5 10. Be3 b6 11. Bxc5 bxc5 12. Rb1 Nc6 13. Nf3 d6 14. exd6
exd6 15. Bb5 Bd7 16. O-O Kd8 17. Ng5 Kc7 18. Nxf7 Rhf8 19. Ng5 h6 20. Ne4 a6 21.
Ba4 Rab8 22. Rbd1 Rb2 23. Rxd6 Rf4 24. f3 Rxa2 25. Rfd1 Be8 26. Bb3 Ra5 27. Nf6
Rxf6 28. Rxf6 c4 29. Bxc4 Rc5 30. Bxa6 Rxc3 31. Rf8 Bd7 32. Bb5 Rc5 33. Rf7 Rxb5
34. Rfxd7+ Kb6 35. R7d6 Rc5 36. Rxg6 Rxc2 37. Rxh6 Kc7 38. h4 Ne5 39. h5 Ra2 40.
Rh7+ Kc6 41. h6 Ng6 42. Rg7 Nf4 43. h7 1-0

[Event "European Blitz 2022"]
[Site "Katowice POL"]
[Date "2022.12.16"]
[Round "12.13"]
[White "Bartel, Mateusz"]
[Black "Subelj, Jan"]
[Result "0-1"]
[WhiteTitle "GM"]
[BlackTitle "IM"]
[WhiteElo "2627"]
[BlackElo "2492"]
[WhiteFideId "1112635"]
[BlackFideId "14618583"]
[EventDate "2022.12.16"]

1. d4 d5 2. Nf3 Nf6 3. c4 c6 4. Nbd2 Bf5 5. Nh4 Be4 6. f3 Bg6 7. Qb3 Qc7 8. g3
e6 9. Bg2 Be7 10. O-O O-O 11. Nxg6 hxg6 12. e3 Nbd7 13. g4 dxc4 14. Qxc4 c5 15.
dxc5 Bxc5 16. Qe2 Rac8 17. f4 Nd5 18. Ne4 Bb6 19. Kh1 N7f6 20. Nxf6+ gxf6 21. e4
Nb4 22. Bd2 Nc6 23. Bc3 Bd4 24. Rac1 Qb6 25. e5 fxe5 26. f5 Bxc3 27. bxc3 exf5
28. gxf5 Ne7 29. Qxe5 Nxf5 30. Rxf5 gxf5 31. Rg1 Rfe8 32. Qxf5 Qh6 33. Bd5+ Kh8
34. c4 Rc7 35. Qg4 Rce7 36. Qd4+ f6 37. Qf2 Rg7 38. Rf1 Rf8 39. a4 b6 40. a5
bxa5 41. c5 Qg5 42. Qf3 Rd8 43. Be4 Qh6 44. c6 Rd2 45. h3 Qg5 46. c7 Rxc7 47.
Bd3 Qe5 48. Qa8+ Kg7 49. Rg1+ Kf7 50. Qg8+ Ke7 51. Rg7+ Kd6 52. Qd8+ Kc6 53.
Be4+ Qxe4+ 0-1

[Event "European Blitz 2022"]
[Site "Katowice POL"]
[Date "2022.12.16"]
[Round "12.14"]
[White "Keinanen, Toivo"]
[Black "Kyc, Jerzy"]
[Result "1/2-1/2"]
[WhiteTitle "IM"]
[WhiteElo "2508"]
[BlackElo "2230"]
[WhiteFideId "509825"]
[BlackFideId "1163922"]
[EventDate "2022.12.16"]

1. d4 d5 2. Nf3 Nf6 3. e3 c5 4. Be2 cxd4 5. exd4 Nc6 6. O-O Bg4 7. h3 Bh5 8. c3
e6 9. Bf4 Bd6 10. Bxd6 Qxd6 11. Nbd2 O-O 12. Re1 Rab8 13. a3 Nd7 14. Rc1 b5 15.
b4 Bxf3 16. Nxf3 a5 17. Nd2 Na7 18. Nb3 a4 19. Nc5 Nxc5 20. bxc5 Qc7 21. Rb1 e5
22. f3 exd4 23. cxd4 Qf4 24. Bf1 Nc6 25. Rxb5 Nxd4 26. Rb6 Rbc8 27. c6 Rfd8 28.
Qc1 Qg3 29. Kh1 Nxc6 30. Ba6 Nd4 31. Bxc8 Nxf3 32. gxf3 Qxf3+ 33. Kg1 Qg3+ 34.
Kf1 Qf3+ 35. Kg1 1/2-1/2

[Event "European Blitz 2022"]
[Site "Katowice POL"]
[Date "2022.12.16"]
[Round "12.15"]
[White "Sahidi, Samir"]
[Black "Cherniaiev, Tykhon"]
[Result "1-0"]
[WhiteTitle "IM"]
[BlackTitle "FM"]
[WhiteElo "2494"]
[BlackElo "2330"]
[WhiteFideId "14936372"]
[BlackFideId "14182360"]
[EventDate "2022.12.16"]

1. e4 e5 2. Nf3 Nc6 3. Bb5 Nf6 4. d3 Bc5 5. O-O Nd4 6. Nxd4 Bxd4 7. c3 Bb6 8.
Nd2 c6 9. Ba4 d5 10. exd5 Qxd5 11. Nc4 Bc7 12. Bb3 Qd8 13. Re1 O-O 14. Nxe5 Bf5
15. d4 a5 16. Bg5 h6 17. Bh4 Qd6 18. Qf3 Bh7 19. Bxf6 gxf6 20. Qg3+ Kh8 21.
Nxf7+ Rxf7 22. Qxd6 Bxd6 23. Bxf7 Kg7 24. Re8 Ra6 25. Bc4 Rb6 26. b3 c5 27. d5
Be5 28. Re1 Bg6 29. Re6 Rxe6 30. dxe6 Bxc3 31. Rd1 Bd4 32. a4 Kf8 33. Kf1 Ke7
34. Ke2 Bf5 35. f3 b6 36. g4 Bxe6 37. Bxe6 Kxe6 38. Kd3 Ke5 39. h4 Kf4 40. Ke2
Kg3 41. h5 Kf4 42. Rf1 Kg3 43. Rh1 Kg2 44. Rd1 Kg3 45. Rd3 Kf4 46. Kf1 Kg3 47.
Ke1 Kf4 48. Ke2 Kg3 49. Kf1 Be5 50. Rd7 Kxf3 51. Rh7 Bf4 52. Rb7 Kxg4 53. Rxb6
Bd2 54. Rxf6 Kg5 55. Rd6 Bb4 56. Rd5+ Kg4 57. Ke2 Kf4 58. Kd3 Kg4 59. Ke4 Ba3
60. Rf5 Bb4 61. Ke5 Bc3+ 62. Ke6 Bd4 63. Rd5 Kf4 64. Kd6 Kg4 65. Kc6 Be3 66. Kb5
Bg5 67. Kxa5 Kxh5 68. Rxc5 Kg4 69. Kb5 h5 70. Rc8 h4 71. a5 h3 72. Rh8 Bh4 73.
Rg8+ Bg5 74. Re8 Kg3 75. a6 h2 76. Re1 Kg2 77. a7 Bh4 78. a8=Q+ Kh3 79. Qf3+ Bg3
80. Re6 h1=Q 81. Rh6# 1-0

[Event "European Blitz 2022"]
[Site "Katowice POL"]
[Date "2022.12.16"]
[Round "12.16"]
[White "Kowalski, Igor"]
[Black "Hjartarson, Johann"]
[Result "1-0"]
[WhiteTitle "IM"]
[BlackTitle "GM"]
[WhiteElo "2344"]
[BlackElo "2476"]
[WhiteFideId "1172468"]
[BlackFideId "2300044"]
[EventDate "2022.12.16"]

1. e4 g6 2. d4 Bg7 3. Nc3 d6 4. Be3 a6 5. Qd2 b5 6. h4 Nf6 7. f3 h6 8. O-O-O Bb7
9. g4 Nbd7 10. Nh3 Nb6 11. g5 hxg5 12. hxg5 Nfd7 13. b3 c5 14. Bg2 b4 15. Ne2 a5
16. Nhf4 Rg8 17. Rh7 a4 18. Kb1 axb3 19. cxb3 c4 20. Qxb4 cxb3 21. axb3 Qb8 22.
Nc3 Qa7 23. Kb2 e5 24. Nfe2 exd4 25. Bxd4 Bxd4 26. Nxd4 Ba6 27. Kc2 Rc8 28. Ra1
Nc5 29. Bf1 Bd3+ 30. Kb2 Qb7 31. Ndb5 Qe7 32. Bh3 Bxe4 33. Rd1 Nd3+ 34. Rxd3
Bxd3 35. Nxd6+ Kf8 36. Rxf7+ 1-0

[Event "European Blitz 2022"]
[Site "Katowice POL"]
[Date "2022.12.16"]
[Round "12.18"]
[White "Samunenkov, Ihor"]
[Black "Grandelius, Nils"]
[Result "1/2-1/2"]
[WhiteTitle "IM"]
[BlackTitle "GM"]
[WhiteElo "2488"]
[BlackElo "2660"]
[WhiteFideId "14187086"]
[BlackFideId "1710400"]
[EventDate "2022.12.16"]

1. d4 d5 2. Nf3 Nf6 3. g3 c6 4. c4 Bg4 5. Bg2 e6 6. h3 Bf5 7. Nc3 Be7 8. Qb3 Qc8
9. O-O O-O 10. Bf4 dxc4 11. Qxc4 Nbd7 12. Rfe1 Ne4 13. Ne5 Nxe5 14. Bxe5 Nd2 15.
Qa4 b5 16. Qd1 Nc4 17. Qc1 Nxe5 18. dxe5 Qb7 19. Ne4 Rfd8 20. Nd6 Bxd6 21. Bxc6
Qb6 22. Bxa8 Bc5 23. Bf3 Bxf2+ 24. Kg2 Bxe1 25. Qxe1 Qd4 26. Qa5 Be4 27. Qxb5
Bxf3+ 28. Kxf3 h5 29. Rc1 Qd2 30. Qc4 Rd5 31. Qc8+ Kh7 32. Qc2+ Qxc2 33. Rxc2
Rxe5 34. Rc7 Ra5 35. Rxf7 Rxa2 36. Re7 Rxb2 37. Rxa7 Kg6 38. Ra5 Rb4 39. Re5 1/2-1/2

[Event "European Blitz 2022"]
[Site "Katowice POL"]
[Date "2022.12.16"]
[Round "12.19"]
[White "Krzyzanowski, Marcin"]
[Black "Saric, Ante"]
[Result "1-0"]
[WhiteTitle "GM"]
[BlackTitle "GM"]
[WhiteElo "2538"]
[BlackElo "2504"]
[WhiteFideId "1132199"]
[BlackFideId "14506254"]
[EventDate "2022.12.16"]

1. Nf3 Nf6 2. c4 e6 3. g3 d5 4. Bg2 Be7 5. O-O O-O 6. b3 b6 7. Bb2 Bb7 8. cxd5
Nxd5 9. Nc3 c5 10. Nxd5 Bxd5 11. Rc1 Nd7 12. d3 Rc8 13. e4 Ba8 14. Qe2 Bf6 15.
e5 Be7 16. h4 Bd5 17. Rfd1 Rc7 18. d4 Qa8 19. dxc5 Rxc5 20. Ne1 Rxc1 21. Bxc1
Nc5 22. Bxd5 exd5 23. h5 Ne4 24. Qd3 Bc5 25. Be3 Qb8 26. Bxc5 bxc5 27. Nf3 h6
28. Qe3 Qb7 29. Nh4 d4 30. Qf3 Qa8 31. Nf5 Ng5 32. Qxa8 Rxa8 33. f4 Ne4 34. b4
Nc3 35. Rd2 cxb4 36. Kg2 Rd8 37. Nd6 a5 38. Kf3 a4 39. Rb2 Rb8 40. f5 a3 41. Rd2
Nxa2 42. e6 fxe6 43. fxe6 b3 44. Nc4 b2 45. Nxa3 Nc3 46. Rxd4 Ra8 47. e7 Kf7 48.
Rd8 1-0

[Event "European Blitz 2022"]
[Site "Katowice POL"]
[Date "2022.12.16"]
[Round "12.20"]
[White "Sargsyan, Shant"]
[Black "Arkell, Keith C"]
[Result "1-0"]
[WhiteTitle "GM"]
[BlackTitle "GM"]
[WhiteElo "2645"]
[BlackElo "2406"]
[WhiteFideId "13306766"]
[BlackFideId "400270"]
[EventDate "2022.12.16"]

1. d4 e6 2. Nf3 Nf6 3. g3 b5 4. Bg2 Bb7 5. Bg5 c5 6. c3 Be7 7. O-O Na6 8. Qd3 c4
9. Qc2 d5 10. Nbd2 Nc7 11. a4 b4 12. Bxf6 gxf6 13. e4 bxc3 14. bxc3 O-O 1-0

[Event "European Blitz 2022"]
[Site "Katowice POL"]
[Date "2022.12.16"]
[Round "12.21"]
[White "Gaehwiler, Gabriel"]
[Black "Mastrovasilis, Dimitrios"]
[Result "1-0"]
[WhiteTitle "IM"]
[BlackTitle "GM"]
[WhiteElo "2408"]
[BlackElo "2605"]
[WhiteFideId "1314530"]
[BlackFideId "4202694"]
[EventDate "2022.12.16"]

1. d4 d5 2. c4 e6 3. Nf3 Nf6 4. g3 Be7 5. Bg2 O-O 6. Nc3 c6 7. O-O Nbd7 8. Nd2
b5 9. cxb5 cxb5 10. Nxb5 Qb6 11. Qa4 Ba6 12. Nc3 Bb4 13. Re1 Rfc8 14. e4 Bb7 15.
exd5 exd5 16. Nf1 Rxc3 17. bxc3 Bxc3 18. Be3 Bxa1 19. Rxa1 Rc8 20. Nd2 h6 21.
Rb1 Qa6 22. Qb3 Nb6 23. Bf4 Qa5 24. h3 Ne4 25. Qb2 Nc3 26. Re1 Qxa2 27. Qxa2
Nxa2 28. Re7 Bc6 29. Rxa7 Nc3 30. Bf3 Nc4 31. Nxc4 dxc4 32. Kg2 Nd5 33. Bc1 c3
34. Ra5 Nb4 35. Rc5 Bxf3+ 36. Kxf3 Rxc5 37. dxc5 Kf8 38. Ke3 Na2 39. Ba3 Ke7 40.
Kd3 Ke6 41. Kc2 Kd5 42. Kb3 Nc1+ 43. Bxc1 1-0

[Event "European Blitz 2022"]
[Site "Katowice POL"]
[Date "2022.12.16"]
[Round "12.22"]
[White "Stefanova, Antoaneta"]
[Black "Lagarde, Maxime"]
[Result "0-1"]
[WhiteTitle "GM"]
[BlackTitle "GM"]
[WhiteElo "2442"]
[BlackElo "2584"]
[WhiteFideId "2902257"]
[BlackFideId "662399"]
[EventDate "2022.12.16"]

1. d4 f5 2. Bg5 g6 3. h4 h6 4. Bf4 d6 5. Nc3 Bg7 6. e3 Nf6 7. Bc4 e6 8. Qe2 O-O
9. O-O-O a6 10. Bb3 Nc6 11. a3 b5 12. d5 Na5 13. Ba2 e5 14. Bh2 Rb8 15. f3 b4
16. axb4 Rxb4 17. Bg3 Bd7 18. Qxa6 Nb7 19. Qa3 Rb6 20. Nge2 Nc5 21. Bxe5 Qb8 22.
Bd4 Qb7 23. b3 Ra8 24. Qb2 Rba6 25. Bb1 Qb4 26. Nf4 Ne8 27. Bxg7 Nxg7 28. Nxg6
Ra3 29. Nf4 Nxb3+ 30. cxb3 Rxb3 31. Na2 Qc5+ 32. Qc2 Qa3+ 33. Kd2 Rb2 34. Rc1
Rxc2+ 35. Rxc2 Ba4 36. Nc3 Bxc2 37. Bxc2 Qa5 38. Nd3 f4 39. exf4 Nf5 40. Rb1 Qa7
41. Nd1 Qd4 42. g4 Nxh4 43. Rb4 Qg1 44. Kc3 Nxf3 45. N1b2 Ra3+ 46. Bb3 Qe3 47.
Rb8+ Kg7 48. Kb4 Qa7 49. Rd8 Qa5+ 50. Kc4 Nd2+ 51. Kd4 Nxb3+ 52. Ke3 Qb6+ 53.
Kf3 Nd2+ 54. Kg2 Qe3 55. Rd7+ Kf8 0-1

[Event "European Blitz 2022"]
[Site "Katowice POL"]
[Date "2022.12.16"]
[Round "12.23"]
[White "Ziska, Helgi Dam"]
[Black "Spalir, Jernej"]
[Result "1-0"]
[WhiteTitle "GM"]
[BlackTitle "IM"]
[WhiteElo "2546"]
[BlackElo "2377"]
[WhiteFideId "7200595"]
[BlackFideId "14606518"]
[EventDate "2022.12.16"]

1. e4 e5 2. Nf3 Nc6 3. Bb5 a6 4. Ba4 Nf6 5. O-O Be7 6. d3 b5 7. Bb3 d6 8. c3 O-O
9. Re1 Na5 10. Bc2 c5 11. Nbd2 Re8 12. Nf1 h6 13. h3 Bf8 14. Ng3 Nc6 15. d4 cxd4
16. cxd4 exd4 17. Nxd4 Nxd4 18. Qxd4 Be6 19. b3 Rc8 20. Qd2 d5 21. e5 Nd7 22.
Bb2 g6 23. Rad1 Bg7 24. Bb1 h5 25. Qf4 Qe7 26. Ne2 g5 27. Qe3 Nf8 28. Nd4 Ng6
29. Nf5 Bxf5 30. Bxf5 Rcd8 31. Qb6 Nh4 32. Bb1 Qe6 33. Qe3 Bh6 34. Qd3 Ng6 35.
Qf3 g4 36. hxg4 hxg4 37. Qf5 Kg7 38. g3 Rh8 39. Rd4 Ne7 40. Qf6+ Kg8 41. Rxg4+
Qxg4 42. e6 Rh7 43. exf7+ Rxf7 44. Qh8# 1-0

[Event "European Blitz 2022"]
[Site "Katowice POL"]
[Date "2022.12.16"]
[Round "12.24"]
[White "Costachi, Mihnea"]
[Black "Livaic, Leon"]
[Result "0-1"]
[WhiteTitle "IM"]
[BlackTitle "GM"]
[WhiteElo "2476"]
[BlackElo "2572"]
[WhiteFideId "1217518"]
[BlackFideId "14531534"]
[EventDate "2022.12.16"]

1. d4 Nf6 2. Nf3 e6 3. c4 d5 4. Nc3 a6 5. cxd5 exd5 6. Bg5 Be6 7. e3 Nbd7 8. Bd3
Bd6 9. O-O c6 10. Bf4 Qb8 11. Qd2 h6 12. b4 Bg4 13. Nh4 O-O 14. Nf5 Bxf5 15.
Bxf5 Bxf4 16. exf4 Nb6 17. Bd3 Qd6 18. Rab1 Nc4 19. Bxc4 dxc4 20. g3 b5 21. Rfe1
Rfd8 22. Red1 Ra7 23. Qe3 Re8 24. Qf3 Rd7 25. a3 Red8 26. Rd2 a5 27. Ne4 Nxe4
28. Qxe4 axb4 29. axb4 Re7 30. Qf3 Qd5 31. Kg2 Re4 32. Rbd1 Rde8 33. h4 Re1 34.
Qxd5 cxd5 35. Kf3 Rxd1 36. Rxd1 Ra8 37. Re1 Ra3+ 38. Kg4 Rd3 39. Re8+ Kh7 40.
Rb8 Rxd4 41. Rxb5 c3 42. Ra5 c2 43. Rc5 Rc4 44. Rxc4 dxc4 0-1

[Event "European Blitz 2022"]
[Site "Katowice POL"]
[Date "2022.12.16"]
[Round "12.25"]
[White "Mitusov, Semen"]
[Black "Klekowski, Maciej"]
[Result "0-1"]
[WhiteTitle "IM"]
[BlackTitle "GM"]
[WhiteElo "2397"]
[BlackElo "2477"]
[WhiteFideId "14151049"]
[BlackFideId "1132717"]
[EventDate "2022.12.16"]

1. e4 c5 2. Nf3 e6 3. c3 Nf6 4. e5 Nd5 5. d4 cxd4 6. cxd4 d6 7. a3 Nc6 8. Bd3
dxe5 9. dxe5 g6 10. O-O Bg7 11. Re1 O-O 12. Nc3 Nxc3 13. bxc3 Qa5 14. Qe2 Rd8
15. Bg5 Rd7 16. Bb5 h6 17. Bf6 Rd5 18. c4 Nd4 19. Qe4 Nxf3+ 20. Qxf3 Rd2 21.
Bxg7 Kxg7 22. Qf6+ Kg8 23. Rad1 Bd7 24. a4 Bxb5 25. axb5 Rad8 26. Rxd2 Qxd2 27.
Rf1 b6 28. h4 h5 29. Ra1 Rd7 30. Kh2 Qc3 31. Ra4 Qb3 32. Ra1 Qxc4 33. Re1 Qc3
34. Re3 Qc5 35. Rg3 Qxb5 36. Qg5 Qe2 37. Qf6 Qc4 38. Rxg6+ fxg6 39. Qxg6+ Kf8
40. Qf6+ Rf7 41. Qd8+ Kg7 42. Qg5+ Kh7 43. Qxh5+ Kg8 44. Qg6+ Kf8 45. Qh6+ Ke8
46. Qh8+ Ke7 47. Qh5 Qf4+ 48. Kh1 Qxf2 49. Qg5+ Kd7 50. Qg8 Qe1+ 51. Kh2 Qxe5+
52. Kh3 Qf5+ 53. Kh2 Qe5+ 54. Kh1 Rf1# 0-1

[Event "European Blitz 2022"]
[Site "Katowice POL"]
[Date "2022.12.16"]
[Round "12.26"]
[White "Laurusas, Tomas"]
[Black "Fus, Jakub"]
[Result "1-0"]
[WhiteTitle "GM"]
[BlackTitle "FM"]
[WhiteElo "2567"]
[BlackElo "2405"]
[WhiteFideId "12803731"]
[BlackFideId "1193023"]
[EventDate "2022.12.16"]

1. c4 Nf6 2. Nc3 e5 3. Nf3 Nc6 4. e3 Bb4 5. Qc2 Bxc3 6. Qxc3 Qe7 7. a3 O-O 8. d3
d6 9. Be2 Bg4 10. h3 Bh5 11. g4 Bg6 12. e4 Nd7 13. h4 f6 14. Be3 a5 15. h5 Bf7
16. g5 Be6 17. gxf6 Nxf6 18. O-O-O Ng4 19. Rdg1 Nxe3 20. fxe3 Rf6 21. Qe1 Rb8
22. Rg3 Kh8 23. Rhg1 Rg8 24. Qf2 Nd8 25. Qg2 Bd7 26. Nh4 Rh6 27. Qh2 Nf7 28. Rf1
Nd8 29. Rg6 Rf8 30. Rfg1 Rf7 31. Rxh6 gxh6 32. Ng6+ hxg6 33. hxg6 Rf6 34. Qxh6+
Kg8 35. Kd2 Ne6 36. Qh4 Qg7 37. Bh5 Nf8 38. Qg5 Be8 39. Kc3 Bxg6 40. Rg2 Kf7 41.
Qg4 Qh6 42. Bxg6+ Rxg6 43. Rf2+ Rf6 44. Rg2 Rg6 45. Rf2+ Rf6 46. Rg2 Qh7 47. Qc8
Re6 48. Qxc7+ Re7 49. Qxd6 Nd7 50. Qd5+ Kf8 51. Qxb7 Qh6 52. Qc8+ Kf7 53. Qg8+
Kf6 54. Rf2+ 1-0

[Event "European Blitz 2022"]
[Site "Katowice POL"]
[Date "2022.12.16"]
[Round "12.27"]
[White "Alexakis, Dimitris"]
[Black "Stremavicius, Pijus"]
[Result "1-0"]
[WhiteTitle "IM"]
[BlackTitle "FM"]
[WhiteElo "2486"]
[BlackElo "2369"]
[WhiteFideId "4277023"]
[BlackFideId "12812730"]
[EventDate "2022.12.16"]

1. e4 d6 2. d4 Nf6 3. Nc3 g6 4. h4 h5 5. f3 c6 6. Be3 Nbd7 7. a4 e5 8. Bc4 Bg7
9. Qd2 Qe7 10. Nh3 Nb6 11. Bb3 exd4 12. Bxd4 Bxh3 13. Rxh3 d5 14. a5 Nc4 15.
Bxc4 dxc4 16. O-O-O O-O 17. e5 Nd5 18. Nxd5 cxd5 19. g4 hxg4 20. fxg4 Qe6 21. h5
Qxg4 22. Rdh1 Rfe8 23. Qf2 Bh6+ 24. Kb1 g5 25. Rf3 Re6 26. Rxf7 Rf8 27. Rf1 Rfe8
28. Rxb7 Qxh5 29. Rxa7 g4 30. Rf7 Bg7 31. Rf5 Qg6 32. Qf4 Bh6 33. Qg3 Ra8 34.
Rf6 Rxf6 35. exf6 Rb8 1-0

[Event "European Blitz 2022"]
[Site "Katowice POL"]
[Date "2022.12.16"]
[Round "12.28"]
[White "Seemann, Jakub"]
[Black "Blohberger, Felix"]
[Result "1/2-1/2"]
[WhiteTitle "FM"]
[BlackTitle "GM"]
[WhiteElo "2365"]
[BlackElo "2490"]
[WhiteFideId "21874697"]
[BlackFideId "1632051"]
[EventDate "2022.12.16"]

1. d4 Nf6 2. c4 e6 3. Nf3 Bb4+ 4. Bd2 a5 5. g3 b6 6. Bg2 Bb7 7. O-O Bxd2 8. Qxd2
d6 9. Nc3 Nbd7 10. Qc2 O-O 11. e4 e5 12. Rad1 Re8 13. Rfe1 g6 14. d5 Nh5 15. Nd2
Ng7 16. Nf1 h5 17. Ne3 h4 18. Qd2 Nf6 19. a3 Bc8 20. b4 h3 21. Bf3 Nh7 22. Rf1
f5 23. exf5 gxf5 24. Bh1 f4 25. Nc2 Qf6 26. Ne4 Qg6 27. c5 axb4 28. axb4 Bf5 29.
Rfe1 Ra2 30. cxb6 cxb6 31. Ra1 Rxa1 32. Nxa1 Rc8 33. Nb3 Rc4 34. Qe2 Rxb4 35.
Nbd2 Ng5 36. Nxg5 Qxg5 37. Ne4 Qg6 38. Nc3 Rd4 39. Ra1 Kh7 40. Qb2 Rd3 41. Ne2
Be4 42. Qb4 Bxh1 43. Kxh1 Qf5 44. Ng1 Rxd5 45. Ra7 Rd4 46. Qb3 fxg3 47. Qxg3 Qg4
48. Qxg4 Rxg4 49. Nxh3 Kg6 50. Rb7 Rb4 51. Kg2 Nf5 52. Ng1 Nh4+ 53. Kh3 Kg5 54.
Ne2 Rb3+ 55. Ng3 Nf3 56. Rg7+ Kf6 57. Rb7 Ng5+ 58. Kg4 Rb4+ 59. Kh5 Nf3 60. Kh6
Ng5 61. Nh5+ Kf5 62. Ng3+ Kg4 63. Rg7 Kh3 64. Rxg5 Kxh2 65. Nf5 Rf4 66. Nxd6
Rf6+ 67. Rg6 Rxg6+ 68. Kxg6 Kg2 69. Ne4 Kf3 70. Kf5 b5 71. Kxe5 b4 72. Kd4 b3
73. Kc3 1/2-1/2

[Event "European Blitz 2022"]
[Site "Katowice POL"]
[Date "2022.12.16"]
[Round "12.29"]
[White "Seo, Jung Min"]
[Black "Varvadoukas, Theodoros"]
[Result "1-0"]
[WhiteTitle "IM"]
[WhiteElo "2502"]
[BlackElo "2109"]
[WhiteFideId "1734687"]
[BlackFideId "4210735"]
[EventDate "2022.12.16"]

1. e4 g6 2. d4 Bg7 3. Nc3 d6 4. Nf3 a6 5. a4 Nc6 6. h3 e5 7. dxe5 dxe5 8. Qxd8+
Nxd8 9. Nd5 Ne6 10. Ng5 Nxg5 11. Bxg5 Kd7 12. O-O-O Kc6 13. Nb4+ Kb6 14. Be3+ c5
15. Nd3 Nf6 16. Bxc5+ Kc6 17. f3 Be6 18. Be3 Nd7 19. Nb4+ Kc7 20. Nd5+ Kb8 21.
Nb6 Kc7 22. Nxa8+ Rxa8 23. Be2 b5 24. axb5 axb5 25. Bxb5 Ra1+ 26. Kd2 Ra5 27.
Bxd7 Bxd7 28. Ra1 Rb5 29. Ra7+ Kc8 30. b3 f5 31. Rha1 fxe4 32. Ra8+ Kc7 33.
R1a7+ Kc6 34. Rxd7 Kxd7 35. Ra7+ Ke6 36. Rxg7 exf3 37. gxf3 e4 38. fxe4 Rh5 39.
b4 Rxh3 40. b5 Kf6 41. Bd4+ Kg5 42. b6 Rh2+ 43. Kd3 Rh3+ 44. Be3+ Kf6 45. Ra7
Rh1 46. b7 Rb1 47. Ra6+ 1-0

[Event "European Blitz 2022"]
[Site "Katowice POL"]
[Date "2022.12.16"]
[Round "12.30"]
[White "Gvetadze, Sofio"]
[Black "Szpar, Milosz"]
[Result "1-0"]
[WhiteTitle "IM"]
[BlackTitle "IM"]
[WhiteElo "2298"]
[BlackElo "2428"]
[WhiteFideId "13601440"]
[BlackFideId "1184989"]
[EventDate "2022.12.16"]

1. Nf3 Nf6 2. g3 c5 3. Bg2 Nc6 4. O-O e5 5. d3 d5 6. Nbd2 Be7 7. e4 O-O 8. exd5
Nxd5 9. Nc4 f6 10. c3 Kh8 11. a4 Be6 12. Qe2 Qd7 13. Nfd2 b6 14. Ne4 h6 15. Rd1
f5 16. Ned2 Bf6 17. Nf3 Qc7 18. Re1 Rae8 19. Ncxe5 Kh7 20. Nxc6 Qxc6 21. Qc2 Bf7
22. Bd2 Qd6 23. Rxe8 Rxe8 24. Re1 Rxe1+ 25. Bxe1 a6 26. d4 Bg6 27. dxc5 Qxc5 28.
Qe2 Qd6 29. Qxa6 f4 30. a5 fxg3 31. hxg3 Qc5 32. axb6 Nxb6 33. Qe2 Na4 34. Nd2
Kh8 35. Ne4 Qe7 36. Kf1 Nxb2 37. Qxb2 Bxe4 38. Qd2 Bxg2+ 39. Kxg2 Qe4+ 40. Kg1
Qf3 41. Qe3 Qc6 42. Bd2 Bg5 43. Qd3 Bf6 44. c4 h5 45. Be3 Qf3 46. c5 h4 47. gxh4
Bxh4 48. Qd6 Qg4+ 49. Kf1 Qh3+ 50. Ke2 Qg4+ 51. Ke1 Bf6 52. Qd2 Qg1+ 53. Ke2
Qg4+ 54. f3 Qc4+ 55. Qd3 Qa2+ 56. Bd2 Qe6+ 57. Qe4 Qa6+ 58. Kf2 Qa2 59. Qd3 Qa4
60. Be3 Qh4+ 61. Ke2 Qh2+ 62. Bf2 Qe5+ 63. Kf1 Qh2 64. c6 Qh1+ 65. Ke2 Qh2 66.
Qd7 Qe5+ 67. Kf1 Qb5+ 68. Kg2 Qg5+ 69. Bg3 Be5 70. Qe8+ 1-0

[Event "European Blitz 2022"]
[Site "Katowice POL"]
[Date "2022.12.16"]
[Round "12.31"]
[White "Radecki, Adam"]
[Black "Abdrlauf, Elham"]
[Result "0-1"]
[BlackTitle "IM"]
[WhiteElo "2012"]
[BlackElo "2518"]
[WhiteFideId "1197347"]
[BlackFideId "1533533"]
[EventDate "2022.12.16"]

1. e4 c6 2. d3 d5 3. Nd2 g6 4. g3 Bg7 5. Bg2 e5 6. Ngf3 Ne7 7. O-O O-O 8. Re1 d4
9. a4 a5 10. Nc4 b5 11. axb5 cxb5 12. Ncxe5 f6 13. Nxd4 fxe5 14. Nxb5 Qb6 15.
Nc3 Qxf2+ 16. Kh1 Bg4 17. Qd2 Nbc6 18. Rf1 Qxf1+ 19. Bxf1 Rxf1+ 20. Kg2 Raf8 21.
Nd5 Nxd5 22. exd5 Bh6 0-1